Polskie miasta z satelity #1 - Statystyki

Ogólne statystyki
  • Ten quiz został rozwiązany 83 razy
  • Średni wynik to 6 z 16
Statystyki odpowiedzi
Obrazkowy Odpowiedź % Poprawnych
Gdańsk
99%
Kołobrzeg
75%
Bydgoszcz
58%
Kraków
58%
Płock
51%
Chorzów
49%
Poznań
48%
Białystok
24%
Kalisz
23%
Dąbrowa Górnicza
17%
Biała Podlaska
13%
Jastrzębie-Zdrój
13%
Jelenia Góra
11%
Przemyśl
11%
Jaworzno
8%
Lubin
8%
Nie znaleziono quizów pasujących do podanych kryteriów
Rozkład punktacji
Procent ludzi z każdym wynikiem
Percentyl według liczby udzielonych odpowiedzi
Twoja historia wyników
Nie rozwiązałeś tego quizu